000 00210 a2200097 4500
001 48176
100 _aVahid, S.A
245 _aGlimpses of Iqbal
260 _aKarachi
_bIqbal academy
_c
090 _c31144
_d31144
942 _aNUST-CAE
_cM
_c23497
999 _c283249
_d283249